Genetics and physiology of microbes (Record no. 396770)

MARC details
000 -LEADER
fixed length control field 00483 a2200193 4500
005 - DATE & TIME
control field 20260407122401.0
008 - FIXED-LENGTH DATA ELEMENTS--GENERAL INFORMATION
fixed length control field 260407b |||||||| |||| 00| 0 eng d
020 ## - ISBN
International Standard Book Number 9789390012374
Price Rs. 1895.00
040 ## - CATALOGING SOURCE
Original cataloging agency VIVEKANANDA LIBRARY
082 ## - DDC NUMBER
Classification number 579.135
Book Number K423G
100 ## - MAIN ENTRY--PERSONAL NAME
Personal name Kenyes, Herry
245 ## - TITLE STATEMENT
Title Genetics and physiology of microbes
260 ## - PUBLICATION, DISTRIBUTION, ETC. (IMPRINT)
Name of publisher, distributor, etc Amiga Press
Date of publication, distribution, etc 2021
Place of publication, distribution, etc Delhi
300 ## - PHYSICAL DESCRIPTION
Pages viii, 233
650 ## - Subject
Subject Genetics
650 ## - Subject
Subject Biology
650 ## - Subject
Subject Micro organism
942 ## - ADDED ENTRY ELEMENTS (KOHA)
Koha item type Books
Holdings
Withdrawn status Lost status Source of classification or shelving scheme Damaged status Not for loan Location (home branch) Sublocation or collection (holding branch) Shelving location Date acquired Koha issues (times borrowed) Koha full call number Accession No. Koha date last seen Koha item type
    Dewey Decimal Classification     VIVEKANANDA LIBRARY VIVEKANANDA LIBRARY Vivekananda Library 19/02/2026   579.135 K423G 438533 19/02/2026 Books
© Designed and Maintained by Vivekananda Library, MDU Rohtak